000 00447nam a2200157Ia 4500
008 240729s9999 xx 000 0 und d
022 _a2333-4851
245 0 _aJournal of Health Education Teaching
260 _aUnited States
260 _bDewald Academic Enterprises
650 _a Medicine (General) | Education
650 _aMedicine
856 _uhttps://doaj.org/toc/0380ed02f3934497bb445f09a194fd06
942 _2ddc
942 _cDOAJEJ
999 _c70050
_d70050
945 _a1
_bMadushi Gamage
_c1
_dMadushi Gamage